000 00618nam a2200217Ia 4500
003 GCL
008 140319s9999 xx 000 0 ara d
040 _aGCL /
_cGCL
082 0 4 _aط
_b028.5
_bس ل
100 1 _aمحمود القاضى
245 1 0 _aلقاء الاصدقاء /
_cمحمود القاضى
700 1 _aسلوى العنانى
700 1 _aمكرم حنين
260 _a[S.N] :
_bالهيئة المصرية العامة للكتاب ،
_c1995
300 _a79 ص
490 _a
650 0 4 _aالاطفال
650 0 4 _aالادب
650 0 4 _aادب الاطفال
942 _2ddc
_cBK
999 _c33271
_d33271